| 000 | 01161nam a22002777a 4500 | ||
|---|---|---|---|
| 001 | 9761 | ||
| 003 | FISKH | ||
| 005 | 20260209140944.0 | ||
| 008 | 260209b cb ||||| |||| 00| 0 eng d | ||
| 020 | _a9780792259329 | ||
| 040 |
_aFISKH _beng _cFISKH _dFISKH |
||
| 050 | _aTK6143 .B4 .M37 | ||
| 082 | _a621.385 | ||
| 100 | _aMatthews ,Tom L. | ||
| 245 |
_aAlways inventing : _bA photobiography of Alexander Graham Bell / _cBy Tom L. Matthews |
||
| 250 | _aFirst paperback printing 2006 | ||
| 260 |
_aWashington , DC. : _bNational Geographic Society , _c2006 . |
||
| 300 |
_a64 pages : _bcolor illustrations ; _c24 cm . |
||
| 490 | _aPhotobiographies | ||
| 520 | _aA biography, with photographs and quotes from Bell himself, which follows this well known inventor from his childhood in Scotland through his life-long efforts to come up with ideas that would improve people's lives. | ||
| 650 |
_aBell , Alexander Graham ,1847-1922 _vJuvenile Literature |
||
| 650 |
_aBell , Alexander Graham ,1847-1922- Portraits _vJuvenile Literature |
||
| 650 |
_aInventors- United States - Biography _vJuvenile Literature |
||
| 942 |
_2ddc _cBK _n0 |
||
| 999 |
_c9761 _d9761 |
||